Top 3 Rebsorten jedes Österreichischen Weinbaugebietes (leicht) - Statistiken

Allgemein
  • Dieses Quiz wurde 16 mal gespielt
  • Das Durchschnittsergebnis liegt bei 31 aus 50
Antwortstatistiken
Weinregion Meistangebaute Sorten % Korrekt
Leithaberg (inkl. Rust) Grüner Veltliner (13%)
79%
Wien Grüner Veltliner (16%)
79%
Carnuntum Grüner Veltliner (19%)
79%
Weinviertel Grüner Veltliner (50%)
79%
Wagram Grüner Veltliner (54%)
79%
Kamptal Grüner Veltliner (55%)
79%
Kremstal Grüner Veltliner (59%)
79%
Traisental Grüner Veltliner (62%)
79%
Wachau Grüner Veltliner (64%)
79%
Rosalia Grüner Veltliner (7,7%)
79%
Thermenregion Grüner Veltliner (9,7%)
79%
Neusiedler See Grüner Veltliner (9,9%)
79%
Kamptal Riesling (10%)
79%
Kremstal Riesling (11%)
79%
Wachau Riesling (18%)
79%
Wagram Riesling (5,5%)
79%
Traisental Riesling (6,4%)
79%
Wien Riesling (7,8%)
79%
Mittelburgenland Merlot (6,3%)
64%
Vulkanland Steiermark Weißburgunder (18%)
64%
Weststeiermark Weißburgunder (8,1%)
64%
Carnuntum Blaufränkisch (12%)
57%
Leithaberg (inkl. Rust) Blaufränkisch (20%)
57%
Eisenberg Blaufränkisch (30%)
57%
Rosalia Blaufränkisch (47%)
57%
Mittelburgenland Blaufränkisch (51%)
57%
Kremstal Zweigelt (11%)
57%
Leithaberg (inkl. Rust) Zweigelt (11%)
57%
Wagram Zweigelt (12%)
57%
Weinviertel Zweigelt (13%)
57%
Kamptal Zweigelt (13%)
57%
Thermenregion Zweigelt (14%)
57%
Rosalia Zweigelt (18%)
57%
Neusiedler See Zweigelt (23%)
57%
Mittelburgenland Zweigelt (24%)
57%
Carnuntum Zweigelt (27%)
57%
Wachau Zweigelt (4,3%)
57%
Traisental Zweigelt (8,3%)
57%
Südsteiermark Muskateller (14%)
50%
Eisenberg Welschriesling (14%)
50%
Südsteiermark Welschriesling (15%)
50%
Vulkanland Steiermark Welschriesling (18%)
50%
Weinviertel Welschriesling (6,5%)
50%
Neusiedler See Welschriesling (9,7%)
50%
Vulkanland Steiermark Sauvignon Blanc (11%)
36%
Südsteiermark Sauvignon Blanc (26%)
36%
Weststeiermark Sauvignon Blanc (8,5%)
36%
Thermenregion St. Laurent (6,9%)
29%
Wien Wiener Gemischter Satz (41%)
29%
Weststeiermark Blauer Wildbacher (62%)
14%
Keine übereinstimmenden Quizze gefunden
Verteilung der Resultate
Anzahl Personen mit jedem Resultat
Perzentil nach korrekt beantworteten Fragen
Ihre Resultats-Entwicklung
Sie haben dieses Quiz noch nicht gespielt